100 Word Method German - Statistics

General Stats
  • This quiz has been taken 30 times
  • The average score is 65 of 100
Answer Stats
German English % Correct
die the/which
95%
und and
91%
haben have
91%
ich I
91%
in in
91%
ist is
91%
ein one/a/an
91%
mit with
91%
sie you/they
91%
aber but
86%
für for
86%
er he
86%
hier here
86%
es it
86%
oder or
86%
klein small
86%
drei three
86%
zeit time
86%
zu to
86%
was what
86%
Wort word
86%
wie as/how
82%
groß big/large
82%
können can
82%
leben live
82%
mutter mother
82%
spielen play
82%
war was
82%
wir we
82%
luft air
77%
sind are
77%
vater father
77%
aus from/off/out
77%
hatte had
77%
haus house
77%
muss must
77%
neu new
77%
auf on
77%
andere other
77%
sagte said
77%
so so
77%
dass that
77%
dies this
77%
welt world
77%
tier animal
73%
sein be
73%
ende end
73%
punkt point/dot
73%
warum why
73%
arbeit work
73%
heiß hot
68%
von of
68%
lesen read
68%
wollen want
68%
waren were
68%
fragen ask
64%
tun do
64%
jeder each/any/everyone
64%
hoch high
64%
seine his
64%
licht light
64%
männer men
64%
bild picture
64%
ihre their
64%
werden will
64%
wieder again
59%
auch also
59%
erde earth
59%
in der Nähe von near
59%
akt act
55%
folgen follow
55%
wenn if
55%
nehmen take
55%
uns us
55%
zuhause at home
50%
lande land
50%
teil part
50%
einige some
50%
buchstabieren spell
50%
gut well
50%
ging went
50%
veränderung change
45%
ort place/location
45%
bauen build
41%
tut does
41%
gemacht made
41%
selbst self
41%
versuchen try
41%
sagen tell
36%
hinzufügen add
32%
bei at
32%
hafen port
27%
art kind
23%
setzen put
23%
eben even
18%
durch by
14%
erhalten receive
14%
müssen need
9%
seits hands
5%
satz set
5%
No matching quizzes found
Score Distribution
Percent of People with Each Score
Percentile by Number Answered
Your Score History
You have not taken this quiz